| 000 | 00795nam a22002537a 4500 | ||
|---|---|---|---|
| 005 | 20170123162303.0 | ||
| 010 | _aB-029446 | ||
| 020 | _c125.00 | ||
| 035 | _aB-029446 | ||
| 037 | _bCen Lib/Ret | ||
| 040 |
_aDPL _bUR |
||
| 082 |
_a841.08 _bش ہ پ |
||
| 100 |
_aشہپر رسول _9107913 |
||
| 245 |
_aچشمے دروں / _cشہپر رسول |
||
| 246 |
_bChash -e darun / _aby Shahpar Rasool |
||
| 260 |
_aنیی دہلی _c2000 _bمکتبہ جامہ لمیٹڈ |
||
| 270 |
_bنیی دہلی _aجامہ نگار _e110025 |
||
| 300 |
_a136p. _c20cm(Hb) |
||
| 650 |
_aاردو ادب _9107914 |
||
| 650 |
_aاردو شیعاری _9107915 |
||
| 650 |
_aUrdu literature _9107916 |
||
| 650 |
_aUrdu poetry _9107917 |
||
| 942 |
_2ddc _cUR _h841.08 _mش ہ پ |
||
| 999 |
_c106114 _d106114 |
||